[Event "AUTO-INT-2667"]
[Site "http://www.queenalice.com/game.php?id=1194578"]
[Date "2013.6.27"]
[Round "1"]
[White "cadinho10"]
[Black "Edicapa"]
[Result "0-1"]
[WhiteElo "1732"]
[BlackElo "1833"]

1. e4 e5 2. Nf3 d6 3. Bc4 Be7 4. d4 exd4 5. Nxd4 Nf6 6. O-O O-O 7. Nf5 Bxf5 8.
exf5 Nc6 9. c3 Ne5 10. Bb3 Qd7 11. Bc2 Qc6 12. Nd2 d5 13. Nf3 Bd6 14. Re1 Rfe8
15. Nxe5 Bxe5 16. Bg5 Qd6 17. f4 Bxf4 18. Bxf4 Qxf4 19. Rf1 Qg4 20. h3 Qxd1 21.
Raxd1 Re2 22. Rf2 Rae8 23. Kf1 Rxf2+ 24. Kxf2 h5 25. g4 hxg4 26. hxg4 Nxg4+ 27.
Kg3 Ne3 28. Rc1 Nc4 29. b3 Na3 30. Kf3 Nb5 31. Bd3 Nd6 32. Rd1 c6 33. Kf4 f6 34.
a4 Kf7 35. Rh1 Ne4 36. Bxe4 Rxe4+ 37. Kf3 a6 38. Rh8 Re8 39. Rh1 Rb8 40. Ke3 b5
41. axb5 Rxb5 42. Kd4 Rxb3 43. Ra1 g6 44. fxg6+ Kxg6 45. Rxa6 f5 46. Rxc6+ Kg5
47. Rc5 f4 48. Rxd5+ Kg4 49. c4 f3 50. Kc5 f2 51. Rd1 Re3 52. Rf1 Kf3 53. Kd4
Re1 54. Rxf2+ Kxf2 55. Kc5 Ke3 56. Kd5 Rd1+ 57. Kc6 Kd4 58. c5 Rc1 59. Kd6 Rxc5
60. Ke6 Ra5 61. Kf6 Ke4 0-1

[Event "AUTO-INT-2667"]
[Site "http://www.queenalice.com/game.php?id=1194579"]
[Date "2013.6.27"]
[Round "1"]
[White "Edicapa"]
[Black "cadinho10"]
[Result "1-0"]
[WhiteElo "1799"]
[BlackElo "1741"]

1. e4 e5 2. Nf3 d6 3. d4 exd4 4. Nxd4 Be7 5. Nc3 Nf6 6. Bc4 O-O 7. f3 a6 8. O-O
b5 9. Bb3 c5 10. Bd5 Nxd5 11. Nxd5 Bg5 12. Ne2 Nd7 13. Bf4 Bxf4 14. Nexf4 Nf6
15. Qd2 Nxd5 16. Nxd5 Be6 17. Rad1 c4 18. Nf4 Qf6 19. c3 Rad8 20. Nd5 Bxd5 21.
Qxd5 Qe7 22. Rd4 Rd7 23. e5 Rfd8 24. Qc6 dxe5 25. Rxd7 Qxd7 26. Qxa6 Qd5 27. h3
h6 28. Qb6 Qd2 29. Rf2 Qc1+ 30. Kh2 Rd1 31. Qb8+ Kh7 32. Qxe5 Rh1+ 33. Kg3 g5
34. Re2 Kg6 35. Qe4+ Kg7 36. Qe3 Qb1 37. a3 Qf5 38. Qe5+ Qxe5+ 39. Rxe5 b4 40.
cxb4 Rb1 41. Re2 f6 42. Rc2 h5 43. b5 c3 44. b4 Rd1 45. Rxc3 Rd7 46. a4 Rd4 47.
Rb3 Kf7 48. b6 Ke7 49. b7 Rd8 50. a5 Rb8 51. a6 Kd7 52. a7 1-0

[Event "AUTO-INT-2667"]
[Site "http://www.queenalice.com/game.php?id=1194588"]
[Date "2013.6.27"]
[Round "1"]
[White "Edicapa"]
[Black "marconilho"]
[Result "1-0"]
[WhiteElo "1765"]
[BlackElo "1702"]

1. c4 e5 2. Nc3 Bc5 3. Nf3 Nc6 4. e3 Nf6 5. d4 exd4 6. exd4 Be7 7. Bd3 b6 8. O-O
Bb7 9. Re1 d6 10. Bf4 Qd7 11. a3 O-O-O 12. Nh4 Rdg8 13. Bf5 g5 14. Bxd7+ Nxd7
15. Nd5 gxh4 16. g3 hxg3 17. fxg3 h5 18. Nxe7+ Nxe7 19. Rxe7 h4 20. Qa4 Rd8 21.
Rae1 a6 22. Rxf7 c6 23. Ree7 hxg3 24. Bxg3 Rhg8 25. Qc2 a5 26. Qf5 c5 27. dxc5
bxc5 28. Rxd7 Rde8 29. Rxb7+ Kd8 30. Qd7# 1-0

[Event "AUTO-INT-2667"]
[Site "http://www.queenalice.com/game.php?id=1194589"]
[Date "2013.6.27"]
[Round "1"]
[White "marconilho"]
[Black "Edicapa"]
[Result "0-1"]
[WhiteElo "1686"]
[BlackElo "1784"]

1. e4 d6 2. Bc4 Nf6 3. Nf3 c5 4. Ng5 e6 5. d3 Be7 6. Nc3 O-O 7. Bd2 Nc6 8. a3
Ne5 9. Nf3 Nxc4 10. dxc4 b6 11. Qe2 h6 12. h3 Bb7 13. g4 Nh7 14. O-O-O Qc7 15.
h4 f5 16. exf5 exf5 17. gxf5 Rxf5 18. Rdg1 Kh8 19. Rg2 Bxf3 20. Qd3 Bxg2 21. Rg1
Rxf2 22. Qg3 Rf1+ 23. Nd1 Rxg1 24. Be3 Rf8 25. Bxg1 Qb7 26. b3 Qe4 27. a4 Rf1
28. Be3 Bxh4 29. Qh2 Qxe3+ 30. Kb2 Bf6+ 31. Ka2 Qc1 32. Qf4 Qa1# 0-1

[Event "AUTO-OPEN-3022"]
[Site "http://www.queenalice.com/game.php?id=1194742"]
[Date "2013.6.27"]
[Round "1"]
[White "Edicapa"]
[Black "atom"]
[Result "0-1"]
[WhiteElo "1773"]
[BlackElo "2230"]

1. d4 f5 2. Nf3 Nf6 3. e3 e6 4. c4 b6 5. Nc3 Bb7 6. Be2 Be7 7. Qc2 O-O 8. O-O
Ne4 9. Nd2 Nxc3 10. Qxc3 Bf6 11. Qb3 Qe7 12. a4 d6 13. Qc2 Nd7 14. Ra3 g6 15.
Bf3 Bxf3 16. Nxf3 e5 17. Qb3 Kg7 18. Re1 c5 19. dxe5 dxe5 20. Rd1 e4 21. Nd2 Ne5
22. Nb1 Nd3 0-1

[Event "AUTO-OPEN-3022"]
[Site "http://www.queenalice.com/game.php?id=1194743"]
[Date "2013.6.27"]
[Round "1"]
[White "atom"]
[Black "Edicapa"]
[Result "1-0"]
[WhiteElo "2229"]
[BlackElo "1854"]

1. f4 d5 2. Nf3 Nc6 3. e3 Nf6 4. b3 Bg4 5. Bb2 e6 6. Bb5 Be7 7. Bxc6+ bxc6 8.
O-O O-O 9. d3 Rb8 10. Nbd2 c5 11. Qe1 c4 12. Ne5 Qd6 13. dxc4 Bf5 14. Rc1 Ne4
15. cxd5 Nxd2 16. Qxd2 f6 17. Nc6 Rb7 18. c4 exd5 19. Nxe7+ Qxe7 20. Qxd5+ 1-0

[Event "AUTO-OPEN-3022"]
[Site "http://www.queenalice.com/game.php?id=1194744"]
[Date "2013.6.27"]
[Round "1"]
[White "Edicapa"]
[Black "Tromat"]
[Result "1-0"]
[WhiteElo "1813"]
[BlackElo "1673"]

1. Nf3 f5 2. d4 g6 3. e3 Nf6 4. b3 Bg7 5. Bb2 d6 6. Bd3 O-O 7. O-O Qe8 8. Nbd2
Nbd7 9. Re1 e5 10. dxe5 Ng4 11. e4 f4 12. Nc4 Ngxe5 13. Bxe5 Nxe5 14. Ncxe5 Bxe5
15. Nxe5 dxe5 16. f3 Be6 17. Qe2 g5 18. Rad1 Qg6 19. Bc4 Rad8 20. Bxe6+ Qxe6 21.
Qb5 Qb6+ 22. Qxb6 cxb6 23. Rd5 Rfe8 24. Red1 Rxd5 25. Rxd5 Kf7 26. Kf2 Ke6 27.
c4 Rc8 28. g3 Rc5 29. gxf4 gxf4 30. Kg2 Rc8 31. a4 1-0

[Event "AUTO-OPEN-3022"]
[Site "http://www.queenalice.com/game.php?id=1194745"]
[Date "2013.6.27"]
[Round "1"]
[White "Tromat"]
[Black "Edicapa"]
[Result "1-0"]
[WhiteElo "1500"]
[BlackElo "1800"]

1. e4 e5 2. f4 exf4 3. Nf3 g5 4. h4 g4 5. Ne5 Nf6 6. d4 d6 7. Nd3 Nxe4 8. Bxf4
Bg7 9. c3 O-O 10. Be2 h5 11. g3 Bf5 12. O-O Bg6 13. Nd2 Re8 14. Nxe4 Bxe4 15.
Nf2 f5 16. Qb3+ Kh7 17. Nxe4 fxe4 18. Qf7 Rf8 19. Qxh5+ Kg8 20. Bc4+ d5 21.
Bxd5+ Qxd5 22. Qxd5+ 1-0

[Event "Challenge"]
[Site "http://www.queenalice.com/game.php?id=1196773"]
[Date "2013.7.3"]
[Round "-"]
[White "Justiceseeker"]
[Black "Edicapa"]
[Result "0-1"]
[WhiteElo "1703"]
[BlackElo "1786"]

1. e4 e5 2. Bc4 Nf6 3. Nf3 Nc6 4. Nc3 Bc5 5. d3 d6 6. O-O O-O 7. Bg5 Be6 8. Nd5
Bxd5 9. Bxd5 h6 10. Bxf6 Qxf6 11. c3 Ne7 12. Bb3 Ng6 13. Re1 Nf4 14. d4 exd4 15.
cxd4 Bb4 16. Re3 Rae8 17. Bc2 Qg6 18. g3 Qg4 19. e5 Nd5 20. Qd3 g6 21. Re4 Qf5
22. g4 Qd7 23. h4 f5 24. Re2 Nf4 25. Qc4+ d5 26. Qxb4 Nxe2+ 27. Kf1 fxg4 28.
Kxe2 Rxf3 29. Rg1 Ref8 30. Bxg6 Rxf2+ 31. Ke1 g3 32. Rxg3 Rf1+ 33. Ke2 Kh8 34.
Qxb7 Qa4 35. Qb3 Qxd4 0-1